00581nam a22001817a 450000500170000001000140001702000110003103500130004203700130005508200110006810000240007924500820010326000420018527000730022730000300030050000400033065000290037020100803164637.0 aENG-97956 c250.00 aEN-81489 bDBAD/PUB a610.73 aMomin, Safiya Siraj aParicharya :bthe nursing art, science and technique /cby Safiya Siraj Momin aKolhapurbSirajoshafi Prakashanc2010 aAjab Manzil, Plot No. 161, Ratnappa Kumbhar Nagar bKolhapure416013 a384p.:bill.c234cm (pbk) aincludes bibliographical references aNursing - social aspects